00909cam a22002655i 45000010009000000050017000090080041000260200018000670400013000850820021000982450164001192600035002833000011003184900045003296500026003746500022004006500023004226500023004456500031004686500035004996500041005346500023005757000025005987000020006232177256720220312094251.0141103s2014 gw |||| o |||| 0|eng  a9783319088013 cPK-laUMT04a519.52223bNEW-00aNew Perspectives on Approximation and Sampling Theory :bFestschrift in Honor of Paul Butzer's 85th Birthday /cedited by Ahmed I. Zayed and Gerhard Schmeisser aSwitzerland :bSpringer,c2014 a472 p.1 aApplied and Numerical Harmonic Analysis, 0aApproximation theory. 0aImage processing. 0aSignal processing. 0aSpecial functions. 0aSpeech processing systems.14aApproximations and Expansions.24aSignal, Image and Speech Processing.24aSpecial Functions.1 aSchmeisser, Gerhard.1 aZayed, Ahmed I.